000 00715nam a2200181Ia 4500
008 090630s9999 xx 000 0 und d
082 _b1744
100 _aडॉ. मिराशी वा. वि.
245 _aसंशोधन मुक्ावली भाग -2.
_cडॉ. मिराशी वा. वि.
260 _bमध्यप्रांत संशोधन.
_c1957
300 _a240
600 _aडॉ. मिराशी वा. वि.
630 _aसंशोधन मुक्ावली भाग -2.
655 _aइतर.
700 _aडॉ. मिराशी वा. वि.
730 _aसंशोधन मुक्ावली भाग -2.
942 _cBOOK
999 _c253600
_d253600